| 000 | 00405nam a2200145Ia 4500 | ||
|---|---|---|---|
| 008 | 210719s1989 xx 000 0 und d | ||
| 041 | _aeng | ||
| 082 | _a657.46 BHAW | ||
| 100 | _aBHANDARI (M C) | ||
| 245 | _aWadhas income tax rules forms:with exhaustive referencer | ||
| 260 |
_aAgra _bWadhwa and Company _c1989 |
||
| 300 |
_a513 _bPB |
||
| 650 | _aIncome Tax | ||
| 906 | _aforms ; Income ; rules ; tax | ||
| 999 |
_c215986 _d215986 |
||